| 000 | 00457pab a2200157 454500 | ||
|---|---|---|---|
| 008 | 180718b2001 xxu||||| |||| 00| 0 eng d | ||
| 100 | _aJohnson, Nancy L. | ||
| 245 | _aTierray libertad: will tenure reform improve productivity in Mexico's egido agriculture | ||
| 260 | _c2001 | ||
| 300 | _ap.291-309. | ||
| 362 | _aJan | ||
| 650 | _aLand tenure - Mexico | ||
| 650 | _aLand tenure | ||
| 773 | _aEconomic Development and Cultural Change | ||
| 909 | _a52574 | ||
| 999 |
_c52574 _d52574 |
||